000
00266nam a2200121Ia 4500
008
190216s9999||||xx |||||||||||||| ||und||
100
_a
Rick Spence
245
0
_a
Clipper 5.2
260
_b
Bpb Publications
_c
1994
300
_a
812p
650
_a
Computer
942
_c
BK
999
_c
8569
_d
8569